Análisis técnico-comparativo de arenas para plantas de tratamiento de filtros lentos
Sparad:
| Huvudupphovsman: | |
|---|---|
| Materialtyp: | Bok |
| Publicerad: |
San José, Costa Rica
1992
|
| Ämnen: | |
| Taggar: |
Lägg till en tagg
Inga taggar, Lägg till första taggen!
|
MARC
| LEADER | 00000nam a2200000Ia 4500 | ||
|---|---|---|---|
| 003 | 005444 | ||
| 005 | 20221231144323.0 | ||
| 008 | 140114s1992 cr a m 000 ||s d | ||
| 040 | |c cru CEDI | ||
| 090 | |a TFG 2596 | ||
| 100 | |a Campos Espinoza, José Luis |9 12491 | ||
| 245 | |a Análisis técnico-comparativo de arenas para plantas de tratamiento de filtros lentos | ||
| 260 | |c 1992 |a San José, Costa Rica | ||
| 300 | |a [113] hojas : ilustraciones ; 27 cm. | ||
| 500 | |a Proyecto de graduacion (licenciatura en ingenieria civil)--Universidad de Costa Rica. Facultad de Ingeniería. Escuela de Ingenieria Civil | ||
| 650 | |x PURIFICACION DEL AGUA |x FILTRACION |9 12492 | ||
| 942 | |c TFG | ||
| 999 | |c 20124 |d 20124 | ||
